“Freedom Edition”: Considering Sony Pictures and The Interview (Record no. 316163)
[ view plain ]
| 000 -LEADER | |
|---|---|
| fixed length control field | 00508nam a2200157Ia 4500 |
| 008 - FIXED-LENGTH DATA ELEMENTS--GENERAL INFORMATION | |
| fixed length control field | 170224s9999 xx 000 0 und d |
| 100 ## - MAIN ENTRY--PERSONAL NAME | |
| Personal name | Aynne Kokas |
| 245 ## - TITLE STATEMENT | |
| Title | “Freedom Edition”: Considering Sony Pictures and The Interview |
| 245 ## - TITLE STATEMENT | |
| Statement of responsibility, etc | Aynne Kokas, Chuck Tryon, Hugh Gusterson & Joshua Braun |
| 260 ## - PUBLICATION, DISTRIBUTION, ETC. (IMPRINT) | |
| Name of publisher, distributor, etc | Journal of Broadcasting & Electronic Media |
| 260 ## - PUBLICATION, DISTRIBUTION, ETC. (IMPRINT) | |
| Date of publication, distribution, etc | December |
| 300 ## - PHYSICAL DESCRIPTION | |
| Extent | 60:4, Pages: 714-728 |
| 500 ## - GENERAL NOTE | |
| General note | December |
| 650 ## - SUBJECT ADDED ENTRY--TOPICAL TERM | |
| General subdivision | Communication Arts |
| 650 ## - SUBJECT ADDED ENTRY--TOPICAL TERM | |
| General subdivision | Multimedia Arts |
| Withdrawn status | Lost status | Damaged status | Home library | Current library | Date acquired | Total Checkouts | Date last seen | Price effective from | Koha item type |
|---|---|---|---|---|---|---|---|---|---|
| College Library | College Library | 02/24/2017 | 02/24/2017 | 02/24/2017 | Periodicals |